| 000 | 00447nmm a2200169Ia 4500 | ||
|---|---|---|---|
| 008 | 251105s9999||||xx |||||||||||||||||und|| | ||
| 020 | _a9788431541699 | ||
| 041 | _aspa | ||
| 100 | _aMartija-Ochoa, Magali | ||
| 245 | 0 | _a30 orquídeas | |
| 264 |
_a[Madrid, España] : _bDe Vecchi, _c2010 |
||
| 300 | _a80 páginas | ||
| 490 | _aSaber vivir | ||
| 650 | _aAgriculture | ||
| 856 | _uhttps://public.digitaliapublishing.com/a/39739 | ||
| 942 | _cCF | ||
| 999 |
_c81606 _d81606 |
||